Catálogo
 En Linea

Anuario estadístico de la República Dominicana del año 1936. (Registro nro. 36913)

Detalles MARC
000 -CABECERA
campo de control de longitud fija 00555nas a2200193 a 4500
001 - NÚMERO DE CONTROL
campo de control 000037423
003 - IDENTIFICADOR DEL NÚMERO DE CONTROL
campo de control DO-SdBNP
005 - FECHA Y HORA DE LA ÚLTIMA TRANSACCIÓN
campo de control 20240822122126.0
008 - DATOS DE LONGITUD FIJA--INFORMACIÓN GENERAL
campo de control de longitud fija 120410c19369999dr ar1p dd 0 0spa d
040 ## - FUENTE DE LA CATALOGACIÓN
Centro catalogador/agencia de origen DO-SdBNP
Lengua de catalogación spa
Centro/agencia transcriptor BNPHU
082 ## - NÚMERO DE LA CLASIFICACIÓN DECIMAL DEWEY
Número de clasificación xxx
Número de documento/Ítem xxxx
222 #2 - TÍTULO CLAVE
Título clave Anuario
245 00 - MENCIÓN DE TÍTULO
Título Anuario estadístico de la República Dominicana del año 1936.
260 ## - PUBLICACIÓN, DISTRIBUCIÓN, ETC.
Lugar de publicación, distribución, etc. Ciudad Trujillo, República Dominicana :
Nombre del editor, distribuidor, etc. [Oficina Nacional de Estadísticas (ONE) ].
300 ## - DESCRIPCIÓN FÍSICA
Extensión v. - :
Otras características físicas il., mapas.
310 ## - PERIODICIDAD ACTUAL
Periodicidad actual Anual
362 1# - FECHAS DE PUBLICACIÓN Y/O DESIGNACIÓN SECUENCIAL
Fecha de publicación y/o designación secuencial 1936
942 ## - ELEMENTOS DE PUNTO DE ACCESO ADICIONAL (KOHA)
Fuente del sistema de clasificación o colocación Dewey Decimal Classification
Tipo de ítem Koha Publicación periódica

No hay ítems disponibles.

Con tecnología Koha